Countries That Have Lost a War to Afghanistan - Statistics

General Stats
  • This quiz has been taken 177 times
    150 since last reset
  • The average score is 41 of 103
Answer Stats
Years at War Afghan Government Answer % Correct
2001-2021 Islamic Emirate of Afghanistan USA
94%
2001-2021 Islamic Emirate of Afghanistan UK
92%
1979-1989 Mujahideen USSR
87%
2001-2021 Islamic Emirate of Afghanistan France
81%
2001-2021 Islamic Emirate of Afghanistan Germany
75%
2001-2021 Islamic Emirate of Afghanistan Canada
73%
2001-2021 Islamic Emirate of Afghanistan Spain
73%
2001-2021 Islamic Emirate of Afghanistan Netherlands
70%
2001-2021 Islamic Emirate of Afghanistan Poland
70%
2001-2021 Islamic Emirate of Afghanistan Portugal
69%
2001-2021 Islamic Emirate of Afghanistan Belguim
68%
2001-2021 Islamic Emirate of Afghanistan Italy
68%
2001-2021 Islamic Emirate of Afghanistan Turkey
68%
2001-2021 Islamic Emirate of Afghanistan Greece
66%
2001-2021 Islamic Emirate of Afghanistan Norway
64%
2001-2021 Islamic Emirate of Afghanistan Australia
63%
2001-2021 Islamic Emirate of Afghanistan Estonia
63%
2001-2021 Islamic Emirate of Afghanistan Denmark
62%
2001-2021 Islamic Emirate of Afghanistan Latvia
62%
2001-2021 Islamic Emirate of Afghanistan Sweden
61%
2001-2021 Islamic Emirate of Afghanistan FInland
60%
2001-2021 Islamic Emirate of Afghanistan Lithuania
60%
2001-2021 Islamic Emirate of Afghanistan Luxembourg
60%
2001-2021 Islamic Emirate of Afghanistan New Zealand
60%
2001-2021 Islamic Emirate of Afghanistan Bulgaria
59%
2001-2021 Islamic Emirate of Afghanistan Hungary
58%
2001-2021 Islamic Emirate of Afghanistan Austria
57%
2001-2021 Islamic Emirate of Afghanistan Romania
57%
2001-2021 Islamic Emirate of Afghanistan South Korea
57%
2001-2021 Islamic Emirate of Afghanistan Croatia
56%
2001-2021 Islamic Emirate of Afghanistan Ireland
56%
2001-2021 Islamic Emirate of Afghanistan Slovakia
56%
2001-2021 Islamic Emirate of Afghanistan Slovenia
56%
2001-2021 Islamic Emirate of Afghanistan Iceland
54%
2001-2021 Islamic Emirate of Afghanistan Ukraine
53%
2001-2021 Islamic Emirate of Afghanistan Czechia
52%
2001-2021 Islamic Emirate of Afghanistan North Macedonia
52%
2001-2021 Islamic Emirate of Afghanistan Albania
50%
2001-2021 Islamic Emirate of Afghanistan Montenegro
50%
1928-1929 Kingdom of Afghanistan Saqqawists
48%
1930 Kingdom of Afghanistan Saqqawists
48%
2001-2021 Northern Alliance 055 Brigade
47%
1878-1880 Emirate of Afghanistan Afghan Forces under Sher Ali Khan
47%
1979-1989 Mujahideen Democratic Republic of Afghanistan
47%
2001-2021 Northern Alliance Islamic Emirate of Afghanistan
47%
2001-2021 Taliban Islamic Republic of Afghanistan
47%
2001-2021 Al-Qaeda Islamic Republic of Afghanistan
47%
1992-1996 Taliban Islamic State of Afghanistan
47%
1992-1996 Al-Qaeda Islamic State of Afghanistan
47%
1996-2001 Islamic Emirate of Afghanistan Islamic State of Afghanistan
47%
1996-2001 Taliban Islamic State of Afghanistan
47%
1996-2001 Al-Qaeda Islamic State of Afghanistan
47%
1526 Afghan Mughal Loyalists Lodi Dynasty
47%
1978 People's Democratic Republic of Afghanistan Republic of Afghanistan
47%
1989-1992 Mujahideen Republic of Afghanistan
47%
1555 Afghan Mughal Loyalists Sur Empire
47%
1996-2001 Islamic Emirate of Afghanistan United Front
47%
1996-2001 Taliban United Front
47%
1996-2001 Al-Qaeda United Front
47%
2001-2021 Islamic Emirate of Afghanistan Bosnia & Herzegovina
45%
2001-2021 Islamic Emirate of Afghanistan Switzerland
45%
2001-2021 Islamic Emirate of Afghanistan Mongolia
44%
2001-2021 Islamic Emirate of Afghanistan Armenia
40%
2001-2021 Islamic Emirate of Afghanistan Georgia
40%
2001-2021 Islamic Emirate of Afghanistan UAE
39%
2001-2021 Islamic Emirate of Afghanistan Azerbaijan
37%
2001-2021 Islamic Emirate of Afghanistan Thailand
37%
2001-2021 Islamic Emirate of Afghanistan Malaysia
34%
2001-2021 Islamic Emirate of Afghanistan Bahrain
33%
1722-1727 Hotaki Dynasty Ottoman Empire
32%
2001-2021 Islamic Emirate of Afghanistan Singapore
32%
2001-2021 Islamic Emirate of Afghanistan Jordan
30%
2001-2021 Islamic Emirate of Afghanistan Kuwait
30%
1539 Sur Empire Mughal Empire
25%
1839-1842 Emirate of Afghanistan British Empire
17%
1878-1880 Emirate of Afghanistan British Empire
17%
1919 Emirate of Afghanistan British Empire
17%
2001-2021 Islamic Emirate of Afghanistan Tonga
15%
2001-2021 Northern Alliance Al-Qaeda
13%
2001-2021 Islamic Emirate of Afghanistan El Salvador
13%
1945-1946 Kingdom of Afghanistan Hazara
5%
1912 Emirate of Afghanistan Mangal
2%
1924-1925 Emirate of Afghanistan Mangal
2%
1944-1947 Kingdom of Afghanistan Mangal
2%
1757-1761 Durrani Empire Maratha Empire
2%
1758 Durrani Empire Maratha Empire
2%
1758 Durrani Empire Maratha Empire
2%
1761 Durrani Empire Maratha Empire
2%
1944-1947 Kingdom of Afghanistan Safi
2%
1924-1925 Emirate of Afghanistan Ali Khel
1%
1923 Emirate of Afghanistan Alizai
1%
1888-1893 Emirate of Afghanistan Hazaras
1%
1912 Emirate of Afghanistan Jadran
1%
1837-1838 Emirate of Afghanistan Qajar Dynasty
1%
12?? Khalji Dynasty Rajputs
1%
1722 Hotaki Dynasty Safavid Empire
1%
1928-1929 Kingdom of Afghanistan Shinwari
1%
1930 Kingdom of Afghanistan Shinwari
1%
1924-1925 Emirate of Afghanistan Sulaiman Khel
1%
1856-1857 Emirate of Afghanistan Waziri
1%
1944-1947 Kingdom of Afghanistan Zadran
1%
1191-1192 Ghurid Empire Chahamanas of Shakambhari
0%
1856-1857 Emirate of Afghanistan Khostwal
0%
No matching quizzes found
Score Distribution
Percent of People with Each Score
Percentile by Number Answered
Your Score History
You have not taken this quiz since the last reset